Vplyv stratégie poisťovne na určovanie cien poistného produktu
Stanovenie ceny na základe cenovej elasticity. Cenová stratégia dvoch poisťovní pri poistení trvajúcom viac rokov.
Gespeichert in:
| 1. Verfasser: | |
|---|---|
| Format: | Buchkapitel |
| Sprache: | Slowakisch |
| Schlagworte: | |
| Tags: |
Keine Tags, Fügen Sie das erste Tag hinzu!
|
MARC
| LEADER | 00000nla a2200000 4500 | ||
|---|---|---|---|
| 001 | 0241971 | ||
| 005 | 20240502073935.0 | ||
| 041 | 0 | |a slo | |
| 044 | |a SK | ||
| 245 | 1 | 0 | |a Vplyv stratégie poisťovne na určovanie cien poistného produktu |c Anna Strešňáková |
| 520 | |a Stanovenie ceny na základe cenovej elasticity. Cenová stratégia dvoch poisťovní pri poistení trvajúcom viac rokov. | ||
| 610 | 2 | 0 | |a poisťovne |
| 610 | 2 | 0 | |a poistenie |
| 610 | 2 | 0 | |a ceny |
| 610 | 2 | 0 | |a tvorba cien |
| 610 | 2 | 0 | |a stratégia cenová |
| 100 | 1 | |a Strešňáková, Anna, 1976- | |